000 00334nam a22001457a 4500
020 _a978-81-317-6034-5
041 _aENG
100 _aNitin Bhatnagar
245 _aEffective Comunication and Soft Skills
260 _aindia
_bPearson
_c2012
300 _a431
650 _aEnglish
700 _aMamta Bhatnagar
856 _uEnglish
999 _c20
_d20